000 00440nab a2200145Ia 4500
003 ES-SlBCS
005 20210601143028.0
008 140529s2004 xxu||||| |||| 00| 0 spa d
041 _aspa
100 1 _aCardaillac, Louis
_942336
245 0 0 _aLas dos cabezas de Santiago
_c Louis Cardaillac
651 4 _aSantiago de Compostela
_986283
773 0 _tLa Aventura de la Historia
_gvol. 6, nº. 69, 2004, págs. 102-106
_wRev1266
942 _cAR
999 _c685918
_d685918